| 000 | 00370nam a22001337a 4500 | ||
|---|---|---|---|
| 003 | SGT | ||
| 082 |
_a616.5 _bS21R |
||
| 100 | _aRAMAVAT, PULKIT | ||
| 245 | _aTo Study The Occurrence Of Postoperative Nausea And Vomiting In Patients After General Anaesthesia | ||
| 260 |
_aSGT UNIVERSITY _bSGT UNIVERSITY _c2021 |
||
| 300 | _a41 | ||
| 650 | _aMOTT THESIS | ||
| 942 |
_2ddc _cTH |
||
| 999 |
_c26384 _d26384 |
||